[Event "Asian Academies Hybrid Chess-ch 2021"]
[Site "Tornelo"]
[Date "2021.11.21"]
[Round "4.1"]
[White "Abdolahi, Amir Taha"]
[Black "Manon, Reja Neer"]
[Result "0-1"]
[WhiteElo "1243"]
[BlackElo "2048"]
[Annotator "TA"]
[PlyCount "92"]
[EventDate "2021.11.21"]
[EventCountry "NET"]
[SourceTitle "playchess.com"]
[Source "ChessBase"]
[SourceQuality "1"]

{[%evp 16,92,52,53,63,75,64,33,27,-2,0,-86,-78,-80,-65,-148,-137,-125,-132,-205,-194,-227,-100,-291,-154,-158,-158,-359,-189,-275,-184,-181,-170,-681,-651,-850,-838,-810,-785,-776,-754,-747,-756,-737,-702,-1137,-1145,-1183,-1176,-3284,-3079,-3039,-2993,-29988,-29989,-29989,-29990,-29990,-29984,-29984,-29985,-29985,-29986,-29986,-29987,-29986,-29986,-29989,-29990,-29990,-29991,-29991,-29992,-29992,-29993,-29993,-29994,-29994,-29995]} 1. d4 Nf6 2. Nf3 g6 3. c4 Bg7 4. Nc3 O-O 5. e4 d6 6. h3 Nbd7 7. Be3 e5 8. d5 Ne8 9. g4 a5 {E90: King's Indian: Classical: Early deviations and 6 h3.} 10. Qc2 Nc5 11. Bxc5 dxc5 {White is slightly better.} 12. Be2 Nd6 {[#]} 13. g5 $146 (13. Rg1 $11 {remains equal.}) ({Predecessor:} 13. O-O-O Bh6+ 14. Kb1 Bf4 15. Ne1 Qf6 16. h4 g5 17. hxg5 Bxg5 18. f3 Bd7 19. a4 {1-0 (34) Mazuran,G (1887)-Maravic,I (1707) Trogir 2018}) 13... f5 14. gxf6 Bh6 15. Nxe5 (15. f7+ $1 $15 Nxf7 16. Qd3) 15... Qxf6 $17 {[%mdl 64] Double Attack} 16. Nf3 {[#] White wants to play e5.} Nxc4 {[%mdl 576] Deflection} 17. Bxc4 (17. Nb5 $17 Ne5 18. Nxe5 Qxe5 19. Bc4) 17... Qxf3 $19 {[%mdl 64] Double Attack} 18. Rg1 Bd7 (18... Bg7 $19 {and Black stays clearly on top. White must now prevent ...Bd4.} 19. Rd1 Bd4 20. Rxd4 cxd4) 19. e5 $2 (19. d6+ $17 Kh8 20. dxc7) 19... Rae8 (19... Bxh3 $19 20. d6+ Kg7) 20. e6 $17 c6 {[#] Hoping for ...b5.} 21. Rd1 $2 {This move loses the game for White.} (21. Qe2 $17 {was forced.} cxd5 22. Qxf3 Rxf3 23. Bxd5) 21... Bc8 (21... b5 $142 22. Kf1 Be3) 22. Rd3 (22. Qe2 $142 Qxe2+ 23. Nxe2) 22... Qf5 {...b5 is the strong threat.} 23. Qe2 {With the idea Rgg3.} b5 $36 {[%mdl 2048] White is under strong pressure.} 24. e7 $2 (24. Nxb5 cxb5 25. Bxb5) 24... Rf6 $19 (24... bxc4 $2 25. exf8=Q+ Qxf8 26. Re3 $19) 25. Ne4 bxc4 26. Nxf6+ Qxf6 27. Rf3 Qxe7 28. Qxe7 Rxe7+ 29. Kd1 cxd5 30. Re1 Rxe1+ 31. Kxe1 Bg7 32. b3 c3 33. Kd1 Bf5 34. Re3 c2+ {Black mates.} 35. Kc1 Bh6 36. a3 Bxe3+ 37. fxe3 d4 38. exd4 cxd4 39. b4 axb4 40. axb4 {[%mdl 4096] Endgame KB-KPP} d3 41. b5 Bxh3 42. b6 Bg2 43. Kd2 Bb7 44. Kc1 h5 45. Kd2 h4 46. Kxd3 c1=Q {Weighted Error Value: White=1.09/Black=0.19} 0-1

[Event "Asian Academies Hybrid Chess-ch 2021"]
[Site "Tornelo"]
[Date "2021.11.21"]
[Round "4.2"]
[White "Bahadori, Arash"]
[Black "Husam Al-Dain Abdulhakim Nashe"]
[Result "1-0"]
[WhiteElo "1835"]
[BlackElo "1342"]
[Annotator "NA RC"]
[PlyCount "113"]
[EventDate "2021.11.21"]
[EventCountry "NET"]
[SourceTitle "playchess.com"]
[Source "ChessBase"]
[SourceQuality "1"]
[TimeControl "3600+30"]

{[%evp 8,113,2,3,18,10,3,4,46,38,52,44,83,83,74,70,87,102,93,85,146,126,146,146,214,210,320,347,341,350,358,258,394,375,367,372,362,378,405,403,395,402,443,440,438,460,528,545,544,468,555,430,432,418,523,541,508,497,495,553,535,558,608,614,668,624,644,635,32767,32767,32767,32767,737,729,1028,1031,941,1020,1205,1139,1088,1033,1735,993,768,0,1618,858,891,889,1072,1195,1647,2534,5795,1687,1826,6185,29973,29983,29983,29984,29989,29990,29990,29991,29991,29992]} 1. d4 {[%emt 0:00:30]} Nf6 {[%emt 0:03:15]} 2. Bg5 {[%emt 0:00:21]} g6 {[%emt 0:02:49]} 3. Bxf6 {[%emt 0:00:39]} exf6 {[%emt 0:00:09]} 4. e3 {[%emt 0:00:06]} Bg7 {[%emt 0:01:22]} 5. Ne2 {[%emt 0:00:03]} O-O {[%emt 0:01:44]} 6. Nf4 {[%emt 0:00:03]} d5 {[%emt 0:03:08]} 7. h4 {[%emt 0:00:36]} c5 {[%emt 0:07:21]} 8. c3 {[%emt 0:01:28]} cxd4 {[%emt 0:04:47]} 9. cxd4 {[%emt 0:00:07]} Nc6 {[%emt 0:02:06]} 10. Nc3 {[%emt 0:00:21]} Be6 {[%emt 0:00:50]} 11. h5 {[%emt 0:00:14]} g5 {[%emt 0:00:51] [#]} 12. h6 $1 {[%emt 0:00:40]} Bh8 {[%emt 0:00:22]} 13. Nh5 {[%emt 0:00:06]} Qd7 {[%emt 0:06:53]} 14. Bd3 {[%emt 0:01:41]} Nb4 {[%emt 0:01:26]} 15. Bb1 {[%emt 0:00:24]} Bg4 {[%emt 0:01:17] [#]} (15... Rfe8 $16 16. a3 Nc6) 16. Qb3 $1 {[%emt 0:00:20]} Bxh5 {[%emt 0:01:50]} (16... Qd6 $142 17. a3 Nc6 18. Qxd5 Qe7) 17. Rxh5 {[%emt 0:00:05]} ({Weaker is} 17. Qxb4 Bg6 $16) 17... Qg4 {[%emt 0:00:45]} 18. Rh2 {[%emt 0:00:05]} ({Weaker is} 18. Qxb4 Qxh5 19. Nxd5 Rae8 $16) 18... Nc6 {[%emt 0:01:21]} 19. Qxd5 {[%emt 0:00:24]} ({Weaker is} 19. Qxb7 Qe6 $16) 19... Rfe8 {[%emt 0:02:48] [#]} (19... Rad8 $142 20. Qe4 Qxe4 21. Bxe4 Rfe8) 20. Bxh7+ $1 {[%emt 0:04:11]} Kf8 {[%emt 0:00:43]} 21. Qc5+ {[%emt 0:00:20]} Ne7 {[%emt 0:05:09]} 22. Bd3 {[%emt 0:00:44]} b6 {[%emt 0:04:13]} 23. Qa3 {[%emt 0:00:42]} Qd7 {[%emt 0:00:12]} 24. O-O-O {[%emt 0:01:07]} a6 {[%emt 0:00:52]} 25. Kb1 {[%emt 0:01:00]} b5 {[%emt 0:00:35]} 26. Ne4 {[%emt 0:00:17]} b4 {[%emt 0:00:51]} 27. Qxb4 {[%emt 0:01:40]} Rab8 {[%emt 0:00:20]} 28. Qd6 {[%emt 0:01:34]} Qa4 {[%emt 0:01:36]} 29. Nc3 {[%emt 0:04:27]} Qa5 {[%emt 0:01:19]} 30. Qc5 {[%emt 0:00:05]} Qd8 {[%emt 0:00:47]} 31. Rhh1 {[%emt 0:00:19]} Qd7 {[%emt 0:00:31]} 32. Rc1 {[%emt 0:01:21]} Qb7 {[%emt 0:00:50]} 33. Qa3 {[%emt 0:01:37]} Qxg2 {[%emt 0:00:55]} 34. Ne4 {[%emt 0:01:51]} Rb6 {[%emt 0:01:42]} 35. b3 {[%emt 0:05:20]} f5 {[%emt 0:05:31] [#]} 36. Rcg1 $1 {[%emt 0:00:58]} Rxh6 {[%emt 0:01:23]} 37. Rxg2 {[%emt 0:00:27]} Rxh1+ {[%emt 0:00:05]} 38. Kb2 {[%emt 0:00:03]} fxe4 {[%emt 0:00:10]} 39. Bxe4 {[%emt 0:00:02]} Re1 {[%emt 0:00:49]} 40. Bd3 {[%emt 0:01:04]} Rc8 {[%emt 0:00:27]} 41. Qxa6 {[%emt 0:00:40]} Rd1 {[%emt 0:00:30]} 42. f4 {[%emt 0:00:50]} g4 {[%emt 0:00:55]} 43. Bc2 {[%emt 0:01:36]} Re1 {[%emt 0:01:21]} 44. Rxg4 {[%emt 0:00:12]} Rc6 {[%emt 0:00:08]} 45. Qa8+ {[%emt 0:00:32]} Rc8 {[%emt 0:00:06]} 46. Qa6 $2 {[%emt 0:00:19]} ({White has to play} 46. Qf3 $18 Bf6 47. Qf2) 46... Rc6 $1 {[%emt 0:00:10]} 47. Qd3 {[%emt 0:00:02]} Rh1 {[%emt 0:01:23]} 48. Rg2 {[%emt 0:00:35]} Re1 {[%emt 0:00:20]} 49. a4 {[%emt 0:02:47]} Rd6 {[%emt 0:00:35]} 50. Qb5 {[%emt 0:00:37]} Nc6 {[%emt 0:04:01]} 51. Be4 {[%emt 0:03:44]} Rxe3 {[%emt 0:01:18]} 52. Bxc6 {[%emt 0:00:27]} Rxd4 {[%emt 0:00:10]} 53. Ka3 {[%emt 0:00:39]} Bf6 {[%emt 0:00:45]} 54. Bd5 {[%emt 0:00:58]} Re1 {[%emt 0:01:11]} 55. Qb8+ {[%emt 0:01:47]} Re8 {[%emt 0:00:05] [#]} 56. Rg8+ $3 {[%emt 0:00:14] Decoy} Kxg8 {[%emt 0:00:10]} 57. Qxe8+ {[%emt 0:00:03] Double Attack} 1-0

[Event "Asian Academies Hybrid Chess-ch 2021"]
[Site "Tornelo"]
[Date "2021.11.21"]
[Round "4.2"]
[White "Khaled waleed Abdullah"]
[Black "Alizadeh, Amirmohammad"]
[Result "1-0"]
[WhiteElo "1568"]
[BlackElo "1792"]
[Annotator "NA RC"]
[PlyCount "75"]
[EventDate "2021.11.21"]
[EventCountry "NET"]
[SourceTitle "playchess.com"]
[Source "ChessBase"]
[SourceQuality "1"]
[TimeControl "3600+30"]

1. e4 {[%emt 0:00:30]} c5 {[%emt 0:00:34]} 2. Nf3 {[%emt 0:00:12]} Nc6 {[%emt 0:00:03]} 3. d3 {[%emt 0:04:28]} Nf6 {[%emt 0:00:36]} 4. g3 {[%emt 0:04:48]} d6 {[%emt 0:00:50]} 5. Bg2 {[%emt 0:00:05]} g6 {[%emt 0:00:26]} 6. O-O {[%emt 0:00:05]} Bg7 {[%emt 0:00:04]} 7. Re1 {[%emt 0:00:01]} O-O {[%emt 0:00:30]} 8. c3 {[%emt 0:00:13]} Bg4 {[%emt 0:00:23]} 9. Nbd2 {[%emt 0:04:00]} b5 {[%emt 0:01:56]} 10. h3 {[%emt 0:02:14]} Bxf3 {[%emt 0:01:31]} 11. Nxf3 {[%emt 0:02:07]} b4 {[%emt 0:00:20]} 12. d4 {[%emt 0:03:27]} cxd4 {[%emt 0:01:19]} 13. cxd4 {[%emt 0:00:07]} d5 {[%emt 0:00:06]} 14. e5 {[%emt 0:02:45]} Ne4 {[%emt 0:00:04]} 15. Be3 {[%emt 0:02:21]} e6 {[%emt 0:02:11]} 16. Rc1 {[%emt 0:01:21]} Rc8 {[%emt 0:00:13]} 17. Nd2 {[%emt 0:02:24]} Nxd2 {[%emt 0:00:48]} 18. Qxd2 {[%emt 0:00:04]} Qa5 {[%emt 0:01:11]} 19. b3 {[%emt 0:02:20]} Qb6 {[%emt 0:03:56]} 20. Bf1 {[%emt 0:01:54]} f6 {[%emt 0:06:47]} 21. f4 {[%emt 0:03:01]} fxe5 {[%emt 0:01:44]} 22. dxe5 {[%emt 0:01:02]} Qb7 {[%emt 0:01:57]} 23. Bg2 {[%emt 0:02:30]} Rf7 {[%emt 0:03:58]} 24. h4 {[%emt 0:03:16]} Rfc7 {[%emt 0:03:38]} 25. Qd1 {[%emt 0:05:54]} Ne7 {[%emt 0:01:29]} 26. Qd2 {[%emt 0:08:26]} Nf5 {[%emt 0:05:37]} 27. Bf2 {[%emt 0:00:06]} Bf8 {[%emt 0:02:49]} 28. g4 {[%emt 0:02:12]} Nh6 {[%emt 0:01:52]} 29. Bf3 {[%emt 0:03:31]} Rc3 {[%emt 0:00:34]} 30. Kg2 {[%emt 0:01:59]} a5 {[%emt 0:04:51]} 31. Bd4 {[%emt 0:00:42]} R3c6 {[%emt 0:01:06]} 32. Bb2 {[%emt 0:02:25]} R8c7 {[%emt 0:01:51]} 33. Rxc6 {[%emt 0:01:32]} Rxc6 {[%emt 0:00:04]} 34. Rc1 {[%emt 0:00:08]} Qc8 {[%emt 0:00:07]} 35. Rxc6 {[%emt 0:00:51]} Qxc6 {[%emt 0:00:06]} 36. Qc1 {[%emt 0:00:03]} Qd7 {[%emt 0:13:22]} 37. Bd4 {[%emt 0:01:25]} Qa4 {[%emt 0:03:33]} 38. bxa4 {[%emt 0:00:07]} 1-0

[Event "Asian Academies Hybrid Chess-ch 2021"]
[Site "Tornelo"]
[Date "2021.11.21"]
[Round "4.3"]
[White "Kazi Afsan Rawnak, Anan"]
[Black "Babaei, Amir Hossein"]
[Result "1-0"]
[WhiteElo "1410"]
[BlackElo "1286"]
[Annotator "NA RC"]
[PlyCount "81"]
[EventDate "2021.11.21"]
[EventCountry "NET"]
[SourceTitle "playchess.com"]
[Source "ChessBase"]
[SourceQuality "1"]
[TimeControl "3600+30"]

1. e4 {[%emt 0:00:36]} c6 {[%emt 0:08:01]} 2. d4 {[%emt 0:00:25]} d5 {[%emt 0:04:50]} 3. exd5 {[%emt 0:00:23]} cxd5 {[%emt 0:00:09]} 4. Bd3 {[%emt 0:00:29]} Nf6 {[%emt 0:00:15]} 5. Nf3 {[%emt 0:01:26]} Bg4 {[%emt 0:00:23]} 6. c3 {[%emt 0:02:04]} e6 {[%emt 0:00:11]} 7. h3 {[%emt 0:01:57]} Bh5 {[%emt 0:00:18]} 8. Bf4 {[%emt 0:00:48]} Bd6 {[%emt 0:00:12]} 9. Bxd6 {[%emt 0:00:33]} Qxd6 {[%emt 0:00:27]} 10. Nbd2 {[%emt 0:00:14]} Nc6 {[%emt 0:00:18]} 11. O-O {[%emt 0:02:53]} O-O {[%emt 0:03:43]} 12. Qc2 {[%emt 0:03:21]} Bg6 {[%emt 0:01:35]} 13. Rfe1 {[%emt 0:03:56]} Nd7 {[%emt 0:02:01]} 14. Bxg6 {[%emt 0:07:24]} fxg6 {[%emt 0:02:46]} 15. Re2 {[%emt 0:01:53]} Rf6 {[%emt 0:02:06]} 16. Rae1 {[%emt 0:01:17]} Rc8 {[%emt 0:02:23]} 17. Qb3 {[%emt 0:04:25]} Na5 {[%emt 0:11:55]} 18. Qb5 {[%emt 0:03:18]} Nc6 {[%emt 0:02:55]} 19. Ne5 {[%emt 0:03:07]} b6 {[%emt 0:04:57]} 20. Ng4 {[%emt 0:03:23]} Nf8 {[%emt 0:01:30]} 21. Nxf6+ {[%emt 0:00:29]} gxf6 {[%emt 0:00:07]} 22. Nf3 {[%emt 0:02:36]} Kf7 {[%emt 0:02:53]} 23. c4 {[%emt 0:01:27]} dxc4 {[%emt 0:01:29]} 24. Qxc4 {[%emt 0:01:53]} Ne7 {[%emt 0:00:34]} 25. Qb3 {[%emt 0:00:19]} Nd5 {[%emt 0:01:16]} 26. Rc2 {[%emt 0:01:56]} Rd8 {[%emt 0:02:10]} 27. Rec1 {[%emt 0:02:17]} Nf4 {[%emt 0:01:35]} 28. Rc6 {[%emt 0:01:31]} Ne2+ {[%emt 0:03:57]} 29. Kf1 {[%emt 0:01:00]} Nxd4 {[%emt 0:02:39]} 30. Rxd6 {[%emt 0:01:10]} Nxb3 {[%emt 0:00:22]} 31. Rc7+ {[%emt 0:00:21]} Ke8 {[%emt 0:00:29]} 32. Rxd8+ {[%emt 0:00:12]} Kxd8 {[%emt 0:00:07]} 33. Rxa7 {[%emt 0:00:40]} Nc5 {[%emt 0:01:39]} 34. b4 {[%emt 0:01:19]} Ncd7 {[%emt 0:01:16]} 35. a4 {[%emt 0:01:33]} Nb8 {[%emt 0:01:07]} 36. a5 {[%emt 0:00:56]} bxa5 {[%emt 0:00:25]} 37. bxa5 {[%emt 0:00:33]} e5 {[%emt 0:00:22]} 38. a6 {[%emt 0:00:21]} Nfd7 {[%emt 0:00:51]} 39. Ra8 {[%emt 0:00:29]} Kc7 {[%emt 0:00:20]} 40. a7 {[%emt 0:00:21]} Kb7 {[%emt 0:01:39]} 41. axb8=Q+ {[%emt 0:00:08]} 1-0

[Event "Asian Academies Hybrid Chess-ch 2021"]
[Site "Tornelo"]
[Date "2021.11.21"]
[Round "4.3"]
[White "Gholizadeh, Romina"]
[Black "Warsia, Khusbu"]
[Result "1-0"]
[WhiteElo "1254"]
[BlackElo "1505"]
[Annotator "NA RC"]
[PlyCount "63"]
[EventDate "2021.11.21"]
[EventCountry "NET"]
[SourceTitle "playchess.com"]
[Source "ChessBase"]
[SourceQuality "1"]
[TimeControl "3600+30"]

1. d4 {[%emt 0:00:35]} d5 {[%emt 0:06:00]} 2. Nf3 {[%emt 0:00:06]} Nf6 {[%emt 0:01:02]} 3. e3 {[%emt 0:00:10]} e6 {[%emt 0:00:04]} 4. Bd3 {[%emt 0:00:04]} c5 {[%emt 0:00:02]} 5. c3 {[%emt 0:00:08]} Nc6 {[%emt 0:00:02]} 6. Nbd2 {[%emt 0:00:29]} c4 {[%emt 0:00:04]} 7. Bc2 {[%emt 0:00:04]} Bd6 {[%emt 0:00:02]} 8. O-O {[%emt 0:00:37]} b5 {[%emt 0:00:04]} 9. e4 {[%emt 0:00:20]} Be7 {[%emt 0:00:55]} 10. exd5 {[%emt 0:01:14]} exd5 {[%emt 0:00:18]} 11. Re1 {[%emt 0:00:38]} O-O {[%emt 0:00:04]} 12. Ne5 {[%emt 0:00:17]} Nxe5 {[%emt 0:01:44]} 13. Rxe5 {[%emt 0:02:56]} Be6 {[%emt 0:00:29]} 14. Nf3 {[%emt 0:01:35]} Bd6 {[%emt 0:00:17]} 15. Re1 {[%emt 0:00:10]} h6 {[%emt 0:01:48]} 16. Ne5 {[%emt 0:00:18]} Nd7 {[%emt 0:01:12]} 17. Qh5 {[%emt 0:03:11]} Nf6 {[%emt 0:06:00]} 18. Qh4 {[%emt 0:02:06]} Ng4 {[%emt 0:04:21]} 19. Qxd8 {[%emt 0:04:10]} Raxd8 {[%emt 0:00:12]} 20. f4 {[%emt 0:04:38]} Nxe5 {[%emt 0:01:18]} 21. fxe5 {[%emt 0:00:09]} Be7 {[%emt 0:00:03]} 22. Bf4 {[%emt 0:02:11]} a5 {[%emt 0:02:53]} 23. a3 {[%emt 0:00:59]} b4 {[%emt 0:00:16]} 24. axb4 {[%emt 0:00:10]} axb4 {[%emt 0:00:03]} 25. Ra7 {[%emt 0:00:12]} Rd7 {[%emt 0:00:46]} 26. Rea1 {[%emt 0:02:36]} Rxa7 {[%emt 0:00:48]} 27. Rxa7 {[%emt 0:00:08]} Re8 {[%emt 0:01:18]} 28. Ba4 {[%emt 0:00:52]} Kf8 {[%emt 0:02:20]} 29. Bxe8 {[%emt 0:01:20]} Kxe8 {[%emt 0:00:04]} 30. cxb4 {[%emt 0:01:49]} Bxb4 {[%emt 0:00:03]} 31. Kf2 {[%emt 0:00:52]} c3 {[%emt 0:00:17]} 32. Ra4 {[%emt 0:01:31]} 1-0

[Event "Asian Academies Hybrid Chess-ch 2021"]
[Site "Tornelo"]
[Date "2021.11.21"]
[Round "4.3"]
[White "Ridwan, Rabbani"]
[Black "Dashtpeima, Helia"]
[Result "0-1"]
[WhiteElo "1170"]
[BlackElo "1278"]
[Annotator "NA RC"]
[PlyCount "36"]
[EventDate "2021.11.21"]
[EventCountry "NET"]
[SourceTitle "playchess.com"]
[Source "ChessBase"]
[SourceQuality "1"]
[TimeControl "3600+30"]

1. d4 {[%emt 0:00:30]} d5 {[%emt 0:00:38]} 2. c4 {[%emt 0:00:06]} e6 {[%emt 0:00:22]} 3. Nc3 {[%emt 0:00:12]} Nf6 {[%emt 0:00:10]} 4. e3 {[%emt 0:00:03]} c6 {[%emt 0:00:24]} 5. Nf3 {[%emt 0:00:06]} Nbd7 {[%emt 0:00:05]} 6. c5 {[%emt 0:00:07]} b6 {[%emt 0:00:37]} 7. b4 {[%emt 0:00:37]} a5 {[%emt 0:00:16]} 8. b5 {[%emt 0:00:05]} cxb5 {[%emt 0:01:59]} 9. cxb6 {[%emt 0:00:14]} Nxb6 {[%emt 0:00:22]} 10. Nxb5 {[%emt 0:00:05]} Ba6 {[%emt 0:01:04]} 11. Qc2 {[%emt 0:00:28]} Rc8 {[%emt 0:01:38]} 12. Qa4 {[%emt 0:01:12]} Nxa4 {[%emt 0:00:20]} 13. Nd6+ {[%emt 0:01:19]} Qxd6 {[%emt 0:00:17]} 14. Bxa6 {[%emt 0:00:05]} Qxa6 {[%emt 0:00:06]} 15. Bd2 {[%emt 0:00:28]} Bb4 {[%emt 0:00:08]} 16. Bxb4 {[%emt 0:00:05]} axb4 {[%emt 0:00:02]} 17. Rb1 {[%emt 0:02:21]} Nc3 {[%emt 0:00:07]} 18. Rxb4 {[%emt 0:00:24]} Qe2# {[%emt 0:00:04]} 0-1

[Event "Asian Academies Hybrid Chess-ch 2021"]
[Site "Tornelo"]
[Date "2021.11.21"]
[Round "4.4"]
[White "Naimanov, Galymzhan"]
[Black "Amarathunga, Kosala Sandeepa Cham"]
[Result "1/2-1/2"]
[WhiteElo "1256"]
[BlackElo "1353"]
[Annotator "NA RC"]
[PlyCount "91"]
[EventDate "2021.11.21"]
[EventCountry "NET"]
[SourceTitle "playchess.com"]
[Source "ChessBase"]
[SourceQuality "1"]
[TimeControl "3600+30"]

1. e4 {[%emt 0:00:30]} e6 {[%emt 0:03:12]} 2. d3 {[%emt 0:03:21]} d5 {[%emt 0:02:31]} 3. Nd2 {[%emt 0:00:04]} c5 {[%emt 0:01:28]} 4. Ngf3 {[%emt 0:00:13]} Nc6 {[%emt 0:00:47]} 5. g3 {[%emt 0:00:07]} Bd6 {[%emt 0:00:47]} 6. Bg2 {[%emt 0:00:30]} Nge7 {[%emt 0:00:18]} 7. O-O {[%emt 0:00:57]} O-O {[%emt 0:02:52]} 8. Re1 {[%emt 0:00:23]} Ng6 {[%emt 0:04:18]} 9. h4 {[%emt 0:01:04]} f5 {[%emt 0:09:04]} 10. Nf1 {[%emt 0:37:33]} f4 {[%emt 0:10:59]} 11. h5 {[%emt 0:05:37]} Nge5 {[%emt 0:00:50]} 12. gxf4 {[%emt 0:02:04]} Nxf3+ {[%emt 0:01:15]} 13. Bxf3 {[%emt 0:00:42]} Bxf4 {[%emt 0:01:38]} 14. Bxf4 {[%emt 0:01:21]} Rxf4 {[%emt 0:00:48]} 15. Ng3 {[%emt 0:01:21]} Ne5 {[%emt 0:03:06]} 16. Be2 {[%emt 0:06:58]} d4 {[%emt 0:01:20]} 17. Kg2 {[%emt 0:02:12]} Qf6 {[%emt 0:02:08]} 18. Rf1 {[%emt 0:00:59]} Bd7 {[%emt 0:00:23]} 19. f3 {[%emt 0:01:20]} Rf8 {[%emt 0:01:10]} 20. Rf2 {[%emt 0:00:20]} Ng4 {[%emt 0:00:15]} 21. fxg4 {[%emt 0:00:35]} Rxf2+ {[%emt 0:00:04]} 22. Kg1 {[%emt 0:00:02]} Qh4 {[%emt 0:00:19]} 23. Nf1 {[%emt 0:00:02]} Rh2 {[%emt 0:01:40]} 24. Nxh2 {[%emt 0:01:10]} Qg3+ {[%emt 0:00:25]} 25. Kh1 {[%emt 0:00:08]} Rf2 {[%emt 0:00:04]} 26. Qg1 {[%emt 0:00:04]} Qxg1+ {[%emt 0:00:05]} 27. Kxg1 {[%emt 0:01:54]} Rxe2 {[%emt 0:00:09]} 28. Rc1 {[%emt 0:00:10]} e5 {[%emt 0:00:17]} 29. Nf3 {[%emt 0:01:27]} Bxg4 {[%emt 0:00:12]} 30. Nxe5 {[%emt 0:00:07]} Bxh5 {[%emt 0:00:23]} 31. c3 {[%emt 0:00:18]} dxc3 {[%emt 0:02:04]} 32. Rxc3 {[%emt 0:00:17]} b6 {[%emt 0:00:28]} 33. b4 {[%emt 0:00:58]} Rxa2 {[%emt 0:02:51]} 34. bxc5 {[%emt 0:00:05]} bxc5 {[%emt 0:00:24]} 35. Rxc5 {[%emt 0:00:04]} g5 {[%emt 0:01:13]} 36. Nd7 {[%emt 0:00:50]} Be2 {[%emt 0:00:54]} 37. Rxg5+ {[%emt 0:00:16]} Kf7 {[%emt 0:00:04]} 38. Rg2 {[%emt 0:01:25]} a5 {[%emt 0:07:45]} 39. Kh2 {[%emt 0:01:44]} Rc2 {[%emt 0:01:07]} 40. Nc5 {[%emt 0:00:39]} Rxc5 {[%emt 0:00:06]} 41. Rxe2 {[%emt 0:00:02]} a4 {[%emt 0:00:02]} 42. Ra2 {[%emt 0:00:02]} Ra5 {[%emt 0:00:02]} 43. Ra3 {[%emt 0:00:02]} Ke6 {[%emt 0:00:03]} 44. Kg3 {[%emt 0:00:02]} Ke5 {[%emt 0:00:02]} 45. Kf3 {[%emt 0:00:05]} h5 {[%emt 0:00:10]} 46. Ke3 {[%emt 0:00:04]} 1/2-1/2

[Event "Asian Academies Hybrid Chess-ch 2021"]
[Site "Tornelo"]
[Date "2021.11.21"]
[Round "6.1"]
[White "Sakline Mostafa, Sajid"]
[Black "Khaled waleed Abdullah"]
[Result "1-0"]
[WhiteElo "1988"]
[BlackElo "1568"]
[Annotator "TA"]
[PlyCount "111"]
[EventDate "2021.11.21"]
[EventCountry "NET"]
[SourceTitle "playchess.com"]
[Source "ChessBase"]
[SourceQuality "1"]

{[%evp 17,111,25,21,4,19,-3,4,-35,-42,-25,0,0,0,-60,-64,-59,-30,-32,-27,-30,-28,-31,-47,-60,-39,-148,-145,-142,-81,-90,-79,-122,-95,-129,-122,-205,-186,-199,-193,-202,-200,-259,-14,-77,0,0,0,-60,-21,-22,-23,-73,-40,-41,-33,-55,-12,-77,-77,-79,-54,-63,0,-89,0,-78,-83,-88,-19,-90,-90,-90,-90,-90,-90,-90,-90,-87,-30,-9,0,0,0,0,1454,1609,1551,1551,1383,1228,1077,1258,29973,1393,1231,1070]} 1. d4 Nf6 2. c4 e6 3. g3 d5 4. Bg2 dxc4 5. Nf3 c5 6. O-O Nc6 7. Qa4 Bd7 8. Qxc4 b5 9. Qd3 c4 10. Qc2 {E04: Open Catalan: 5 Nf3.} Rc8 {[#]} 11. Nbd2 $146 ({Predecessor:} 11. e4 Be7 12. Qe2 O-O 13. Rd1 Na5 14. d5 exd5 15. e5 Ne4 16. Rxd5 Nc5 17. Nd4 Qe8 {1-0 (59) Tabatabaei,M (2587)-Sethuraman,S (2664) Makati 2018}) 11... Qb6 12. e3 {The position is equal.} Nb4 13. Qb1 Bc6 14. a3 $1 {[%cal Ra3b4]} Nd3 15. Ne1 ({White should play} 15. b3 $11) 15... Bxg2 $15 16. Kxg2 Nxe1+ (16... Qb7+ {seems wilder.} 17. Kg1 Nxc1 18. Qxc1 Be7 19. Nef3 O-O) 17. Rxe1 Be7 18. Nf3 O-O 19. e4 a5 20. Bd2 h6 21. d5 (21. Qd1 $15) 21... exd5 $17 22. exd5 Bc5 (22... Nxd5 $142 23. Qe4 Rc5) 23. Qf5 Rcd8 24. Re5 Bd6 25. Re2 Bc7 $1 26. a4 (26. Be3 $17 Qb7 27. Rd1) 26... Rxd5 $19 27. Qc2 Rd3 {White must now prevent ...Rxf3!} 28. Be3 Qb7 29. axb5 Qxb5 (29... Nd7 $19 30. Qxc4 Ne5) 30. Qa4 (30. Ra4 $11) 30... Qxa4 (30... Qd5 $17 31. Rc1 Bb6 $1 32. Qxc4 Re8 $1) 31. Rxa4 $11 c3 32. bxc3 (32. Bd4 $11) 32... Rxc3 33. Bd4 Rc6 34. Nh4 Nd5 35. Nf5 f6 36. Ba1 Kf7 37. Rd4 (37. Nd4 $11 Rc5 38. Ne6) 37... Rd8 $17 38. Rg4 Rg8 39. Rd4 Rd8 40. Rg4 $1 {[%cal Rg4g7]} Rg8 41. Rd4 $1 {[%cal Rd4d5] [#]} Rc5 42. Bb2 Be5 (42... Rb5 $17) 43. Rdd2 (43. Rde4 $11) 43... Bxb2 44. Rxb2 {[#]} Nf4+ $1 45. gxf4 {Threatens to win with Rb7+.} Rxf5 {[%mdl 4096] Endgame KRR-KRR} 46. Rb7+ Kg6 47. Kg3 Ra8 ({Better is} 47... Kh5 $17 48. f3 g5 49. fxg5 Rfxg5+ 50. Kf4 Ra8) 48. Ree7 $11 Kh5 {And now ...a4 would win.} 49. Rxg7 {Rg4 is the strong threat.} a4 {Strongly threatening ...a3.} 50. Rg4 Rc5 $2 {[%mdl 8192]} (50... a3 $11 51. Rh4+ (51. Rbg7 Rg5 $11) 51... Kg6 52. Rg4+ Kh5) 51. Rbg7 $18 {[%csl Gg3][%cal Rg4h4]} Rg5 52. fxg5 hxg5 53. Rb4 a3 54. Rb1 f5 55. Ra1 (55. Rb6 $142 Rh8 56. Ra6 a2 57. h4 gxh4+ 58. Kf4 h3 59. Rg3 Kh4 60. Raa3) 55... f4+ 56. Kg2 {Never resign too early!  Weighted Error Value: White=0.29/Black=0.46} 1-0